000 00829nam a2200265 i 4500
001 6687
003 ES-MaACL
005 20250803082221.0
008 900227s1990 sp |||| | spa d
020 _a84-7658-205-6
080 _a397(46)
100 1 _aCalvo Buezas, Tomás.
_933872
245 1 1 _a¿España racista?
_b: voces payas sobre los gitanos /
_cTomás Calvo Buezas.
250 _a1ª ed.
260 _aBarcelona :
_bAnthropos,
_c1990.
300 _a405 p. ;
_c20 cm.
490 1 _aAutores, textos y temas. Antropología ;
_v22
500 _aÍndice.
504 _aBibliografía: p. 399-401.
650 4 _aGitanos-
_zEspaña.
_9146948
650 1 4 _aRacismo-
_zEspaña
_916651
830 0 _aAutores, textos y temas. Antropología
_v22
_9177281
852 _aES-MaACL
_jL-13913
999 _c6687
_d6687